|
|
|
|
| LEADER |
02923nam a22004458a 4500 |
| 001 |
38946 |
| 003 |
BD-DhAAL |
| 008 |
220620t2013 enk b 001 0 eng d |
| 999 |
|
|
|c 44388
|d 44388
|
| 010 |
|
|
|a 2012027340
|
| 020 |
|
|
|a 9780470665329 (cloth)
|
| 020 |
|
|
|a 9780470665343 (pbk.)
|
| 035 |
|
|
|a (DNLM)101587545
|
| 040 |
|
|
|a DNLM/DLC
|c DLC
|d DLC
|d BD-DhAAL
|
| 042 |
|
|
|a pcc
|
| 050 |
0 |
0 |
|a QR46
|
| 060 |
1 |
0 |
|a QW 4
|
| 082 |
0 |
0 |
|a 615.792
|2 23
|
| 100 |
1 |
|
|a Hanlon, Geoff.
|9 49470
|
| 245 |
1 |
0 |
|a Essential microbiology for pharmacy and pharmaceutical science /
|c Geoff Hanlon and Norman Hodges.
|
| 260 |
|
|
|a Chichester, West Sussex, UK :
|b John Wiley & Sons,
|c 2013.
|
| 263 |
|
|
|a 1302
|
| 300 |
|
|
|a viii, 226 pages ;
|c 25 cm.
|
| 504 |
|
|
|a Includes bibliographical references and index.
|
| 505 |
0 |
|
|a The microbial world -- Handling and growing microorganisms -- Bacterial structure and function -- Mycology -- Protozoa -- Viruses and viral infections -- Characteristics of other microorganisms and infectious agents -- Infection and immunity -- Antibiotics : their mechanisms of action, selection, and use -- Characteristics of modern antibiotics -- Antifungal agents -- Antiviral agents -- Resistance of microorganisms to antibiotics -- Antimicrobial stewardship -- Bioburdens : the enumeration and identification of bacteria -- Classes of non-antibiotic antimicrobial agents -- The manufacture of medicines : product contamination and preservation -- Design of sterilization processes -- The operation and control of sterilization processes -- The use of microorganisms in the manufacture of medicines.
|
| 541 |
|
|
|a Karim International
|e 38946, 38947, 38948, 38949
|
| 650 |
1 |
2 |
|a Microbiological Phenomena.
|9 49471
|
| 650 |
2 |
2 |
|a Anti-Infective Agents
|x pharmacology.
|9 49472
|
| 650 |
2 |
2 |
|a Infection
|x drug therapy.
|9 49473
|
| 650 |
2 |
2 |
|a Infection
|x microbiology.
|9 49474
|
| 650 |
2 |
2 |
|a Pharmaceutical Preparations.
|9 49475
|
| 650 |
2 |
2 |
|a Pharmacological Phenomena.
|9 49476
|
| 650 |
2 |
2 |
|a Pharmacy.
|9 49477
|
| 700 |
1 |
|
|a Hodges, Norman A.
|9 49478
|
| 852 |
|
|
|a Ayesha Abed Library
|c General Stacks
|
| 942 |
|
|
|2 ddc
|c BK
|
| 952 |
|
|
|0 0
|1 0
|2 ddc
|4 0
|6 615_792000000000000_HAN
|7 0
|9 70931
|a BRACUL
|b BRACUL
|c GEN
|d 2022-06-15
|e Karim International
|g 3670.00
|l 2
|m 2
|o 615.792 HAN
|p 3010038948
|r 2024-10-22
|s 2024-10-02
|t 3
|v 3670.00
|w 2022-06-15
|y BK
|
| 952 |
|
|
|0 0
|1 0
|2 ddc
|4 0
|6 615_792000000000000_HAN
|7 0
|9 70932
|a BRACUL
|b BRACUL
|c GEN
|d 2022-06-15
|e Karim International
|g 3670.00
|l 3
|m 10
|o 615.792 HAN
|p 3010038949
|r 2026-04-19
|s 2026-02-19
|t 4
|v 3670.00
|w 2022-06-15
|y BK
|
| 952 |
|
|
|0 0
|1 0
|2 ddc
|4 0
|6 615_792000000000000_HAN
|7 0
|9 70933
|a BRACUL
|b BRACUL
|c GEN
|d 2022-06-15
|e Karim International
|g 3670.00
|l 0
|o 615.792 HAN
|p 3010038946
|r 2022-06-15
|t 1
|v 3670.00
|w 2022-06-15
|y BK
|
| 952 |
|
|
|0 0
|1 0
|2 ddc
|4 0
|6 615_792000000000000_HAN
|7 0
|9 70934
|a BRACUL
|b BRACUL
|c GEN
|d 2022-06-15
|e Karim International
|g 3670.00
|l 0
|o 615.792 HAN
|p 3010038947
|r 2022-06-15
|t 2
|v 3670.00
|w 2022-06-15
|y BK
|